[Event "21st ch-EUR Indiv w 2021"]
[Site "Iasi ROU"]
[Date "2021.08.14"]
[Round "6.49"]
[White "Verbin, Valentina"]
[Black "Novosadova, Kristyna"]
[Result "0-1"]
[BlackTitle "WIM"]
[WhiteElo "2012"]
[BlackElo "2138"]
[WhiteFideId "13905910"]
[BlackFideId "328065"]
[EventDate "2021.08.09"]

1. e4 e5 2. Nf3 Nc6 3. Bb5 a6 4. Ba4 Nf6 5. O-O Be7 6. Re1 b5 7. Bb3 d6 8. c3
O-O 9. h3 Na5 10. Bc2 c5 11. d4 Qc7 12. d5 c4 13. b4 Nb7 14. a4 Bd7 15. a5 Ne8
16. g4 g6 17. Bh6 Ng7 18. Kh1 Nd8 19. Rg1 f6 20. h4 Nf7 21. Qc1 Qc8 22. Bxg7
Kxg7 23. Nh2 f5 24. gxf5 Bxh4 25. f4 Rg8 26. fxg6 hxg6 27. f5 g5 28. Qe3 Rh8 29.
Nd2 Qg8 30. Ndf3 Qh7 31. Rg4 Nh6 32. Rxh4 gxh4 33. Rg1+ Kf8 34. Ng5 Qe7 35. f6
Qxf6 36. Rf1 Qxf1+ 37. Nxf1 Ke7 38. Ne6 Rag8 39. Nh2 Rg3 40. Nf3 Ng8 41. Qf2
Bxe6 42. dxe6 Nf6 43. Bd1 Rhg8 44. Qe1 Nh5 45. Nh2 Nf4 46. Bg4 R8xg4 47. Nxg4
Rxg4 48. Qe3 Nd3 49. Qf3 Rf4 50. Qh5 Nf2+ 51. Kh2 Nxe4 52. Qh7+ Kxe6 53. Qb7 Kf5
54. Qxa6 Rf2+ 55. Kg1 Kf4 56. Qc8 Ra2 57. Qf8+ Kg4 58. Qg8+ Ng5 59. a6 h3 60.
Kh1 Kh4 61. Qd8 Rxa6 62. Qf6 Ra1+ 63. Kh2 Ra2+ 64. Kg1 Rd2 65. Kh1 Kg4 66. Qg7
e4 67. Qg8 e3 68. Qc8+ Kg3 0-1

[Event "21st ch-EUR Indiv w 2021"]
[Site "Iasi ROU"]
[Date "2021.08.14"]
[Round "6.50"]
[White "Narva, Triin"]
[Black "Mirza, Diana"]
[Result "1-0"]
[WhiteTitle "WFM"]
[BlackTitle "WFM"]
[WhiteElo "2100"]
[BlackElo "1933"]
[WhiteFideId "4502680"]
[BlackFideId "2503999"]
[EventDate "2021.08.09"]

1. e4 e6 2. d4 d5 3. Nd2 Be7 4. Ngf3 Nf6 5. Bd3 c5 6. e5 Nfd7 7. c3 Nc6 8. O-O
g5 9. Bb1 g4 10. Ne1 h5 11. Nc2 Qb6 12. Nb3 a5 13. Nxc5 Nxc5 14. dxc5 Bxc5 15.
Qe2 Qc7 16. b4 Ba7 17. Re1 Bb8 18. Bf4 f6 19. Nd4 Nxe5 20. Bxe5 fxe5 21. Bg6+
Kf8 22. Nb5 Qg7 23. Bc2 Bd7 24. a4 axb4 25. cxb4 e4 26. Rad1 h4 27. g3 hxg3 28.
fxg3 Bxb5 29. axb5 Ba7+ 30. Kh1 Ke7 31. Rd2 Qc3 32. Bxe4 dxe4 33. Qxe4 Qf3+ 34.
Qxf3 gxf3 35. Rf1 f2 36. Kg2 Rh5 37. Ra2 Rxb5 38. Rfa1 Rxb4 39. Rxa7 Rxa7 40.
Rxa7 Rb2 41. h4 Kf6 42. Ra3 b5 43. Rf3+ Kg6 44. Re3 Kf5 45. Rf3+ Ke4 46. Rf4+
Kd5 47. Rxf2 Rxf2+ 48. Kxf2 b4 49. Ke2 Ke4 50. h5 b3 51. Kd2 Kf5 52. g4+ Kg5 53.
Kc3 e5 54. Kxb3 e4 55. Kc3 Kxg4 56. h6 e3 57. h7 Kf3 58. h8=Q e2 59. Qh4 1-0

[Event "21st ch-EUR Indiv w 2021"]
[Site "Iasi ROU"]
[Date "2021.08.14"]
[Round "6.51"]
[White "Donghvani, Nia"]
[Black "Koubova, Anna Marie"]
[Result "0-1"]
[WhiteElo "1902"]
[BlackElo "2073"]
[WhiteFideId "13614649"]
[BlackFideId "381470"]
[EventDate "2021.08.09"]

1. c4 e6 2. Nf3 d5 3. e3 Nf6 4. Nc3 c5 5. cxd5 exd5 6. d4 Nc6 7. Bb5 Bd6 8. dxc5
Bxc5 9. Nd4 Qd6 10. Be2 O-O 11. O-O a6 12. a4 Bb6 13. b3 Bc7 14. g3 Bh3 15. Re1
Rfe8 16. Ba3 Qe5 17. Rc1 Bb6 18. Nf3 Qf5 19. Bd3 Qh5 20. Nh4 Bg4 21. Be2 d4 22.
Bxg4 Nxg4 23. exd4 Rxe1+ 24. Qxe1 Bxd4 25. Nd1 g5 26. Nf3 Nce5 27. Nxd4 Qxh2+
28. Kf1 Qh1+ 29. Ke2 Qe4+ 30. Kd2 Qd3# 0-1

[Event "21st ch-EUR Indiv w 2021"]
[Site "Iasi ROU"]
[Date "2021.08.14"]
[Round "6.52"]
[White "Schloffer, Jasmin-Denise"]
[Black "Mikheeva, Galina"]
[Result "1/2-1/2"]
[WhiteTitle "WFM"]
[BlackTitle "WFM"]
[WhiteElo "2070"]
[BlackElo "1968"]
[WhiteFideId "1631209"]
[BlackFideId "44108320"]
[EventDate "2021.08.09"]

1. d4 d5 2. c4 e6 3. Nc3 Nf6 4. cxd5 exd5 5. Bg5 Nbd7 6. e3 Be7 7. Bd3 c6 8.
Nge2 Nf8 9. f3 Ne6 10. Bh4 g6 11. O-O O-O 12. Kh1 Nh5 13. Bf2 f5 14. f4 b6 15.
Ng1 Nf6 16. Nf3 Bb7 17. Ne5 c5 18. dxc5 bxc5 19. Bc2 Kg7 20. Bb3 c4 21. Bc2 Rc8
22. Nf3 Ne4 23. Ne2 Bf6 24. Ned4 Qb6 25. Be1 N6c5 26. Bc3 Rfe8 27. Qe1 Nxc3 28.
bxc3 Ne4 29. Bxe4 dxe4 30. Ne5 Rc7 31. g4 fxg4 32. Qg3 Bc8 33. Rab1 Qa5 34. Nec6
Qh5 35. f5 Rf7 36. fxg6 hxg6 37. Rb5 Qh6 38. Ne5 Bxe5 39. Rxf7+ Kxf7 40. Rxe5
Rxe5 41. Qxe5 Qh3 42. Qf4+ Bf5 43. Nxf5 gxf5 44. Qxf5+ Kg7 45. Qe5+ Kh6 46. Qf6+
Kh5 47. Qf5+ Kh4 48. Qf6+ Kh5 49. Qf5+ 1/2-1/2

[Event "21st ch-EUR Indiv w 2021"]
[Site "Iasi ROU"]
[Date "2021.08.14"]
[Round "6.53"]
[White "Maria, Lia-Alexandra"]
[Black "Allahverdiyeva, Ayan"]
[Result "0-1"]
[WhiteTitle "WCM"]
[BlackTitle "WFM"]
[WhiteElo "1837"]
[BlackElo "2095"]
[WhiteFideId "1248952"]
[BlackFideId "13412590"]
[EventDate "2021.08.09"]

1. e4 c5 2. Nf3 d6 3. d4 cxd4 4. Nxd4 Nf6 5. Nc3 a6 6. Be3 e6 7. g4 h5 8. g5 Ng4
9. Qd2 Nxe3 10. Qxe3 g6 11. O-O-O Qc7 12. f4 Nc6 13. f5 Ne5 14. Bh3 Qe7 15. Rhf1
Nc4 16. Qg3 h4 17. Qg1 Rh5 18. fxg6 Qxg5+ 19. Qxg5 Rxg5 20. gxf7+ Ke7 21. Rg1
Bh6 22. f8=Q+ Kxf8 23. Rxg5 Bxg5+ 24. Kb1 Ke7 25. Nce2 Nd2+ 26. Ka1 Nxe4 27. Rg1
e5 28. Bxc8 Rxc8 29. Nf3 Rxc2 30. Rg2 h3 0-1

[Event "21st ch-EUR Indiv w 2021"]
[Site "Iasi ROU"]
[Date "2021.08.14"]
[Round "6.54"]
[White "Trippold, Denise"]
[Black "Matasaru, Stephanie"]
[Result "0-1"]
[WhiteTitle "WFM"]
[WhiteElo "2098"]
[BlackElo "1741"]
[WhiteFideId "1625594"]
[BlackFideId "1242040"]
[EventDate "2021.08.09"]

1. d4 Nf6 2. c4 e6 3. Nf3 b6 4. g3 Bb7 5. Bg2 Be7 6. O-O O-O 7. Re1 Ne4 8. Ne5
f5 9. f3 Nf6 10. e4 fxe4 11. fxe4 d6 12. Nd3 e5 13. d5 Bc8 14. Nc3 Bg4 15. Qc2
Qe8 16. Nb5 Bd8 17. Be3 Qg6 18. Nf2 a6 19. Nc3 h5 20. h3 Bc8 21. Kh2 Nh7 22. Rf1
Nd7 23. Nd3 Ndf6 24. Qd2 Be7 25. b4 Bd7 26. c5 h4 27. g4 Nxg4+ 28. hxg4 Qxg4 29.
Qe2 Qg3+ 30. Kh1 h3 31. Bf3 Bg5 32. Bxg5 Nxg5 33. Ne1 Bg4 34. Bxg4 Rxf1+ 35.
Qxf1 Qxg4 36. Qg1 Qf4 37. Qh2 Qe3 38. cxd6 0-1

[Event "21st ch-EUR Indiv w 2021"]
[Site "Iasi ROU"]
[Date "2021.08.14"]
[Round "6.55"]
[White "Paraschiv, Petronela-Alexandra"]
[Black "Trifoi, Mihaela-Ioana"]
[Result "0-1"]
[WhiteElo "1979"]
[BlackElo "1807"]
[WhiteFideId "1233696"]
[BlackFideId "1246364"]
[EventDate "2021.08.09"]

1. d4 d5 2. Nf3 Nf6 3. c4 e6 4. g3 Bb4+ 5. Bd2 Be7 6. Bg2 O-O 7. O-O c6 8. Qc2
b6 9. b3 a5 10. Nc3 Ba6 11. Na4 Nbd7 12. Rfe1 b5 13. Nb2 b4 14. Bf4 Nh5 15. e3
Nxf4 16. exf4 Rc8 17. f5 exf5 18. Qxf5 dxc4 19. bxc4 c5 20. Rad1 g6 21. Qe4 Bf6
22. Bh3 Rc7 23. Ne5 Bb7 24. Qc2 cxd4 25. f4 Nxe5 26. fxe5 Bg7 27. Qf2 Re7 28.
Rxd4 Qc7 29. Rd2 Rxe5 30. Rxe5 Bxe5 31. Bf1 Bc3 32. Rc2 Rd8 33. Rxc3 bxc3 34.
Nd3 Qxc4 35. Nf4 Rd1 36. Ne2 Qe4 37. Qf4 Qh1+ 0-1

[Event "21st ch-EUR Indiv w 2021"]
[Site "Iasi ROU"]
[Date "2021.08.14"]
[Round "6.56"]
[White "Tamrazyan, Gohar"]
[Black "Pirvan, Maria"]
[Result "1-0"]
[WhiteElo "1973"]
[BlackElo "1628"]
[WhiteFideId "1330799"]
[BlackFideId "1262629"]
[EventDate "2021.08.09"]

1. e4 c5 2. Nc3 Nc6 3. Bb5 Nd4 4. Bc4 e6 5. Nf3 Nf6 6. O-O d5 7. exd5 exd5 8.
Nxd5 Nxd5 9. Nxd4 cxd4 10. Qh5 Be6 11. Re1 Be7 12. Rxe6 O-O 13. Re1 Nf6 14. Qf3
Qc7 15. d3 Bd6 16. h3 b5 17. Bb3 Bb4 18. Bf4 Qb6 19. Re2 Rae8 20. a3 Rxe2 21.
Qxe2 Re8 22. Qf3 Bd6 23. Bxd6 Qxd6 24. a4 b4 25. a5 Qc7 26. a6 Qb6 27. Qb7 Rb8
28. Qxf7+ Kh8 29. Bc4 Re8 30. Qb7 Qc5 31. g3 h6 32. Kg2 Re2 33. Bb3 Qf5 34. Rf1
Nh5 35. Qxa7 Kh7 36. Qxd4 1-0

[Event "21st ch-EUR Indiv w 2021"]
[Site "Iasi ROU"]
[Date "2021.08.14"]
[Round "6.57"]
[White "Batagan, Ilinca-Petra"]
[Black "Andries, Alexia"]
[Result "1/2-1/2"]
[WhiteElo "1846"]
[BlackElo "1420"]
[WhiteFideId "1261002"]
[BlackFideId "1267272"]
[EventDate "2021.08.09"]

1. d4 Nf6 2. Nf3 g6 3. c4 Bg7 4. Nc3 O-O 5. e4 d6 6. Be2 e5 7. Bg5 h6 8. Bxf6
Qxf6 9. d5 a5 10. O-O Qe7 11. Ne1 f5 12. Nd3 Na6 13. a3 Nc5 14. Nxc5 dxc5 15.
Qd2 Bd7 16. Rad1 Qd6 17. f3 f4 18. Nb5 Bxb5 19. cxb5 Kh7 20. Rc1 b6 21. b4 axb4
22. axb4 cxb4 23. Rc6 Qe7 24. Rfc1 b3 25. Rxc7 Qa3 26. Qc3 Rfe8 27. Rb1 Qa2 28.
Rb2 Qa1+ 29. Bf1 Rec8 30. d6 Rd8 31. Rc6 Qd1 32. Rd2 Qe1 33. Rd3 Qxc3 34. Rdxc3
Bf8 35. Rxb3 Bxd6 36. Bd3 Bc5+ 37. Kf1 Be3 38. g3 Ra1+ 39. Kg2 Rg1+ 40. Kh3 h5 1/2-1/2

[Event "21st ch-EUR Indiv w 2021"]
[Site "Iasi ROU"]
[Date "2021.08.14"]
[Round "6.58"]
[White "Bashylina, Luisa"]
[Black "Von Herman, Brigitte"]
[Result "1-0"]
[WhiteTitle "WCM"]
[BlackTitle "WFM"]
[WhiteElo "1992"]
[BlackElo "1991"]
[WhiteFideId "12983292"]
[BlackFideId "4628730"]
[EventDate "2021.08.09"]

1. d4 d5 2. c4 Nc6 3. Nc3 dxc4 4. Nf3 Bg4 5. d5 Bxf3 6. exf3 Ne5 7. Bf4 Nd3+ 8.
Bxd3 cxd3 9. Qb3 d2+ 10. Kxd2 Nf6 11. Qxb7 Rb8 12. Qc6+ Qd7 13. Qxd7+ Kxd7 14.
b3 g6 15. Rac1 Bg7 16. Rhd1 Rhc8 17. Ke2 Rb4 18. Be3 a6 19. Na4 Kd8 20. Rc6 Rb5
21. Nc3 1-0

[Event "21st ch-EUR Indiv w 2021"]
[Site "Iasi ROU"]
[Date "2021.08.16"]
[Round "7.1"]
[White "Maltsevskaya, Aleksandra"]
[Black "Mammadzada, Gunay"]
[Result "1-0"]
[WhiteTitle "WGM"]
[BlackTitle "IM"]
[WhiteElo "2409"]
[BlackElo "2460"]
[WhiteFideId "24174041"]
[BlackFideId "13403729"]
[EventDate "2021.08.09"]

1. e4 c5 2. Nf3 d6 3. d4 cxd4 4. Nxd4 Nf6 5. Nc3 a6 6. f3 e6 7. Be3 b5 8. a3 Bb7
9. Qd2 Nbd7 10. O-O-O Be7 11. g4 Nb6 12. Qf2 Nfd7 13. Nb3 Rc8 14. Bd3 O-O 15.
Ne2 Nc4 16. Bxc4 bxc4 17. Nbd4 Qa5 18. Bd2 Qb6 19. Qe1 Ba8 20. Ba5 Qb7 21. Qb4
Qa7 22. h4 Rfe8 23. Qe1 Rb8 24. g5 d5 25. exd5 Bxd5 26. Bc3 Nc5 27. Nf4 Bd6 28.
Nh5 Bf8 29. Rg1 Na4 30. Nf6+ gxf6 31. gxf6+ Kh8 32. Qe3 h6 33. Rg7 Bxg7 34.
fxg7+ Kh7 35. Bd2 f5 36. g8=Q+ Kxg8 37. Rg1+ Kf7 38. Qxh6 1-0

[Event "21st ch-EUR Indiv w 2021"]
[Site "Iasi ROU"]
[Date "2021.08.16"]
[Round "7.2"]
[White "Arabidze, Meri"]
[Black "Danielian, Elina"]
[Result "1/2-1/2"]
[WhiteTitle "IM"]
[BlackTitle "GM"]
[WhiteElo "2438"]
[BlackElo "2407"]
[WhiteFideId "13604040"]
[BlackFideId "13300210"]
[EventDate "2021.08.09"]

1. Nf3 c5 2. c4 Nf6 3. g3 b6 4. Bg2 Bb7 5. O-O e6 6. Nc3 Be7 7. d4 cxd4 8. Qxd4
O-O 9. Rd1 d6 10. Bg5 Nbd7 11. Rac1 a6 12. b3 Qc7 13. Na4 Rab8 14. b4 Rfd8 15.
a3 Ba8 16. Qb2 h6 17. Bf4 Ne4 18. Qb3 Ndf6 19. h3 Rdc8 20. Be3 Qd8 21. b5 axb5
22. cxb5 Rxc1 23. Rxc1 Nc5 24. Qd1 Bxf3 25. Bxf3 Nxa4 26. Qxa4 d5 27. Qa7 Nd7
28. Rc7 Ra8 29. Qb7 Rb8 30. Qa7 Ra8 31. Qb7 Rb8 1/2-1/2

[Event "21st ch-EUR Indiv w 2021"]
[Site "Iasi ROU"]
[Date "2021.08.16"]
[Round "7.3"]
[White "Kiolbasa, Oliwia"]
[Black "Osmak, Iulija"]
[Result "0-1"]
[WhiteTitle "WIM"]
[BlackTitle "IM"]
[WhiteElo "2288"]
[BlackElo "2418"]
[WhiteFideId "1154613"]
[BlackFideId "14101602"]
[EventDate "2021.08.09"]

1. e4 c6 2. d4 d5 3. e5 Bf5 4. Nf3 e6 5. Be2 Ne7 6. O-O c5 7. c4 Nbc6 8. dxc5 d4
9. Bd3 Ng6 10. Re1 Bxc5 11. a3 Bxd3 12. Qxd3 a5 13. Nbd2 b6 14. b3 O-O 15. Bb2
Qc7 16. Qe4 Rad8 17. h4 f5 18. exf6 Rxf6 19. h5 Nf8 20. Ne5 Nxe5 21. Qxe5 Qf7
22. Ne4 Rf5 23. Qg3 Qxh5 24. Qc7 Rd7 25. Qc6 Qh4 26. g3 Qh3 27. Rad1 Rh5 28.
Nxc5 Rdd5 0-1

[Event "21st ch-EUR Indiv w 2021"]
[Site "Iasi ROU"]
[Date "2021.08.16"]
[Round "7.4"]
[White "Unuk, Laura"]
[Black "Javakhishvili, Lela"]
[Result "1/2-1/2"]
[WhiteTitle "IM"]
[BlackTitle "IM"]
[WhiteElo "2407"]
[BlackElo "2470"]
[WhiteFideId "14609215"]
[BlackFideId "13601458"]
[EventDate "2021.08.09"]

1. Nf3 c5 2. b3 d6 3. e3 e5 4. Bb5+ Nd7 5. O-O Nf6 6. c4 Be7 7. d4 O-O 8. Bxd7
Nxd7 9. Nc3 exd4 10. exd4 Nf6 11. Bb2 d5 12. dxc5 dxc4 13. b4 b6 14. Ne5 bxc5
15. Nc6 Qc7 16. Nxe7+ Qxe7 17. Nd5 Nxd5 18. Qxd5 Bb7 19. Qxc5 Qxc5 20. bxc5 Rfc8
21. Bd4 f6 22. f3 Kf7 23. Rfe1 Re8 24. Kf2 Rxe1 25. Rxe1 Re8 26. Rxe8 Kxe8 27.
Ke3 Kd7 28. Kd2 Bd5 29. Kc3 Kc6 30. Be3 Kb5 31. c6 Bxc6 1/2-1/2

[Event "21st ch-EUR Indiv w 2021"]
[Site "Iasi ROU"]
[Date "2021.08.16"]
[Round "7.5"]
[White "Zawadzka, Jolanta"]
[Black "Buksa, Nataliya"]
[Result "1/2-1/2"]
[WhiteTitle "WGM"]
[BlackTitle "IM"]
[WhiteElo "2403"]
[BlackElo "2413"]
[WhiteFideId "1122320"]
[BlackFideId "14123622"]
[EventDate "2021.08.09"]

1. e4 c5 2. Nf3 e6 3. d4 cxd4 4. Nxd4 Nc6 5. Nc3 Qc7 6. Be3 a6 7. g4 b5 8. Nxc6
Qxc6 9. Qd2 b4 10. Ne2 Qxe4 11. Rg1 Qc4 12. Nf4 Qc7 13. Nh5 Nf6 14. Nxf6+ gxf6
15. O-O-O Bb7 16. f4 Be7 17. Kb1 d5 18. g5 f5 19. Rg3 Bd6 20. Qf2 Rc8 21. Bd3
Bc6 22. Bb6 Qb7 23. Bd4 Rg8 24. Re1 Kf8 25. Rh3 Bb5 26. Qh4 Bxd3 27. Rxd3 Qc7
28. c3 Bxf4 29. Qh6+ Ke7 30. Bf6+ Kd6 31. Qh4 Kc6 32. cxb4 Kb5 33. Rc3 Qd6 34.
Rc5+ Rxc5 35. bxc5 Qc7 36. Rf1 Be3 37. a4+ Kc6 38. Qxh7 Rb8 39. Qg7 Qb7 40. Be5
Qb3 41. Bxb8 Qd3+ 42. Ka2 Qc4+ 43. b3 Qxf1 44. Qe5 Qg2+ 45. Ka1 Qg1+ 46. Ka2
Qf2+ 47. Kb1 Qe1+ 48. Ka2 Qd2+ 49. Kb1 Qd1+ 50. Ka2 Qc2+ 51. Ka1 Qd1+ 52. Ka2
Qd2+ 53. Kb1 1/2-1/2

[Event "21st ch-EUR Indiv w 2021"]
[Site "Iasi ROU"]
[Date "2021.08.16"]
[Round "7.6"]
[White "Injac, Teodora"]
[Black "Daulyte-Cornette, Deimante"]
[Result "1/2-1/2"]
[WhiteTitle "WGM"]
[BlackTitle "IM"]
[WhiteElo "2370"]
[BlackElo "2408"]
[WhiteFideId "932400"]
[BlackFideId "12802859"]
[EventDate "2021.08.09"]

1. d4 Nf6 2. Nf3 d5 3. c4 e6 4. g3 Bb4+ 5. Bd2 a5 6. Bg2 O-O 7. Qc2 c5 8. cxd5
cxd4 9. Nxd4 Qb6 10. e3 exd5 11. O-O Nc6 12. Nxc6 bxc6 13. Rc1 Rb8 14. Bxb4 Qxb4
15. b3 h5 16. h4 Ng4 17. Nc3 d4 18. exd4 Qxd4 19. Ne4 a4 20. Qc5 Qxc5 21. Nxc5
axb3 22. axb3 Rb6 23. Ra7 Bf5 24. Rb7 Rxb7 25. Nxb7 Ra8 26. Nd6 Be6 27. Bxc6 Ra2
28. b4 Nxf2 29. b5 Nh3+ 30. Kh1 Nf2+ 31. Kg1 Nh3+ 32. Kh1 Nf2+ 33. Kg1 1/2-1/2

[Event "21st ch-EUR Indiv w 2021"]
[Site "Iasi ROU"]
[Date "2021.08.16"]
[Round "7.7"]
[White "Batsiashvili, Nino"]
[Black "Garifullina, Leya"]
[Result "1/2-1/2"]
[WhiteTitle "GM"]
[BlackTitle "WGM"]
[WhiteElo "2487"]
[BlackElo "2385"]
[WhiteFideId "13602993"]
[BlackFideId "34127035"]
[EventDate "2021.08.09"]

1. d4 Nf6 2. Nf3 d5 3. Bf4 c5 4. e3 Nc6 5. Nbd2 Bg4 6. h3 Bxf3 7. Nxf3 e6 8. Be2
Bd6 9. dxc5 Bxc5 10. O-O O-O 11. c4 Qb6 12. Rb1 Be7 13. Qa4 dxc4 14. Bxc4 Rfd8
15. Bb5 Rac8 16. Rfc1 Nd5 17. Bxc6 Rxc6 18. Rxc6 bxc6 19. Qe4 Bf6 20. Be5 Qa6
21. a3 Be7 22. Rc1 c5 23. Qc4 Qxc4 24. Rxc4 f6 25. Bg3 Nb6 26. Rc2 Rd1+ 27. Kh2
e5 28. Nd2 Kf7 29. Ne4 c4 30. f4 Nd5 31. Bf2 f5 32. Ng3 Ke6 33. e4 fxe4 34. f5+
Kf6 35. Nxe4+ Kxf5 36. Rxc4 a5 37. g4+ Ke6 38. Rc6+ Kd7 39. Ra6 Nf6 40. Ra7+ Ke8
41. Ng3 Rd2 42. Kg1 Nd7 43. Rxa5 Rxb2 44. a4 Rb4 45. Nf5 Bf8 46. Ra8+ Kf7 47. a5
g6 48. Ng3 Bc5 49. Bxc5 Nxc5 50. a6 Ra4 51. a7 Ne6 52. Ne4 Nc7 53. Ng5+ Ke7 54.
Rh8 h5 55. Rh7+ Kd6 56. Nf7+ Ke6 57. Nd8+ Kd6 58. gxh5 gxh5 59. Rh6+ Kd5 60. Nc6
Nb5 61. Ne7+ Ke4 62. Rxh5 Rxa7 63. Nc6 Ra1+ 64. Kg2 Kf4 65. Nxe5 Ra2+ 66. Kf1
Nd4 67. Nd3+ Ke3 68. Ne1 Rf2+ 69. Kg1 Ne2+ 70. Kh1 Rf1+ 71. Kg2 Rg1+ 72. Kh2
Rxe1 73. Ra5 Rb1 74. h4 Nf4 75. Ra3+ Kf2 76. Ra2+ Kf3 77. Ra3+ Kg4 78. Rg3+ Kxh4
79. Rg8 Rf1 80. Rg4+ Kh5 81. Rg1 Rf3 82. Rg3 Rf2+ 83. Kg1 Ra2 84. Kf1 Kh4 85.
Rg8 Nd3 86. Rd8 Rf2+ 87. Kg1 Rf3 88. Kg2 Ne1+ 89. Kg1 Rf7 90. Rg8 Kh3 91. Re8
Nc2 92. Re2 Nd4 93. Re3+ Nf3+ 94. Kf2 Kg4 95. Re4+ Kg5 96. Kg3 Kg6 97. Rf4 Rxf4
98. Kxf4 Kf6 1/2-1/2

[Event "21st ch-EUR Indiv w 2021"]
[Site "Iasi ROU"]
[Date "2021.08.16"]
[Round "7.8"]
[White "Radeva, Viktoria"]
[Black "Khotenashvili, Bela"]
[Result "0-1"]
[WhiteTitle "WGM"]
[BlackTitle "GM"]
[WhiteElo "2372"]
[BlackElo "2471"]
[WhiteFideId "2915405"]
[BlackFideId "13602640"]
[EventDate "2021.08.09"]

1. e4 g6 2. d4 Bg7 3. Nc3 d6 4. g3 Nf6 5. Bg2 O-O 6. Nge2 Nbd7 7. O-O c5 8. h3
Rb8 9. a4 b6 10. Be3 a6 11. g4 cxd4 12. Bxd4 Nc5 13. Ng3 e5 14. Be3 Bb7 15. Qd2
Qc7 16. g5 Ne8 17. Nd5 Bxd5 18. exd5 a5 19. Ne2 Qd7 20. Nc3 f5 21. f4 Nc7 22.
fxe5 dxe5 23. d6 N7e6 24. Qd5 Kh8 25. h4 Rbc8 26. Nb5 e4 27. c3 Nd3 28. b3 Rc6
29. Rad1 Rfc8 30. c4 Nec5 31. h5 Nb4 32. Qd2 Nbd3 33. Qc2 Be5 34. h6 Rxd6 35.
Nxd6 Qxd6 36. Kh1 Rd8 37. Rd2 Bd4 38. Bxd4+ Qxd4 39. Re2 Kg8 40. Bh3 Nb4 41. Qb2
Qxb2 42. Rxb2 Rd3 43. Kh2 Nxb3 44. Bg2 Nc5 45. Re2 Rd4 46. Kg3 Kf7 47. Ra1 Ke6
48. Bf1 Ke5 49. Rb2 Ncd3 50. Bxd3 Rxd3+ 51. Kf2 f4 52. Rh1 Rc3 53. Ke2 f3+ 54.
Kd2 Rd3+ 55. Ke1 Ra3 56. Rb1 e3 57. Rh4 Ra2 0-1

[Event "21st ch-EUR Indiv w 2021"]
[Site "Iasi ROU"]
[Date "2021.08.16"]
[Round "7.9"]
[White "Bodnaruk, Anastasia"]
[Black "Balajayeva, Khanim"]
[Result "1-0"]
[WhiteTitle "IM"]
[BlackTitle "WGM"]
[WhiteElo "2449"]
[BlackElo "2376"]
[WhiteFideId "4181751"]
[BlackFideId "13406396"]
[EventDate "2021.08.09"]

1. e4 e5 2. Nf3 Nc6 3. Bb5 a6 4. Ba4 Nf6 5. O-O b5 6. Bb3 Bc5 7. c3 d6 8. d4 Bb6
9. a4 Rb8 10. a5 Ba7 11. h3 O-O 12. Re1 Bb7 13. Bg5 h6 14. Bh4 g5 15. Bg3 Re8
16. h4 g4 17. Nh2 Qd7 18. d5 Ne7 19. Nd2 Ng6 20. Ndf1 Bc8 21. Qc1 Kh7 22. Ne3
Bxe3 23. Qxe3 Qe7 24. Bd1 Rg8 25. f3 Nh5 26. fxg4 Nxg3 27. Qxg3 Qxh4 28. Qxh4
Nxh4 29. Rf1 Kg7 30. b4 Bd7 31. Ra2 Rgc8 32. Raf2 Be8 33. Bb3 Ng6 34. g3 Nf8 35.
Nf3 Nh7 36. Nh4 Ng5 37. Nf5+ Kf8 38. Rh2 Bd7 39. Nxh6 Kg7 40. Nxf7 Nxf7 41. Rh7+
Kxh7 42. Rxf7+ Kg6 43. Rxd7 c5 44. dxc6 Rxc6 45. Be6 Rxc3 46. Bf5+ Kg5 47. Rg7+
Kf6 48. Rg6+ Kf7 49. g5 Rb7 50. Kg2 Rbc7 51. Rxd6 R3c6 52. Rd8 Rc1 53. Kh3 Kg7
54. g6 Rb1 55. Kg4 Rxb4 56. Kg5 Re7 57. Ra8 Rc4 58. Rxa6 Rcc7 59. Rd6 b4 60. a6
b3 61. Rb6 Ra7 62. Be6 b2 63. Ba2 Ra8 64. g4 Rc7 65. Kf5 Re7 66. Kg5 Rc7 67.
Rxb2 Rxa6 68. Bf7 Ra8 69. Kf5 Rca7 70. Rh2 Rh8 71. Rxh8 Kxh8 72. Kf6 Ra6+ 73.
Be6 Ra7 74. g5 Rc7 75. Bf7 Rc6+ 76. Be6 Rc7 77. Bd5 Ra7 78. Bf7 Ra6+ 79. Kxe5
Kg7 80. Kf5 Ra1 81. e5 Kf8 82. Bc4 Rc1 83. Bd3 Rd1 84. Be4 Ke7 85. e6 Rf1+ 86.
Kg4 Rg1+ 87. Kf5 Rf1+ 88. Ke5 Rg1 89. Kf4 Rf1+ 90. Kg4 Rg1+ 91. Kh5 Kxe6 92. Kh6
Rd1 93. g7 Rd8 94. Kh7 Ke5 95. g8=Q 1-0

[Event "21st ch-EUR Indiv w 2021"]
[Site "Iasi ROU"]
[Date "2021.08.16"]
[Round "7.10"]
[White "Badelka, Olga"]
[Black "Mammadova, Gulnar"]
[Result "0-1"]
[WhiteTitle "IM"]
[BlackTitle "IM"]
[WhiteElo "2418"]
[BlackElo "2385"]
[WhiteFideId "13509926"]
[BlackFideId "13403508"]
[EventDate "2021.08.09"]

1. d4 g6 2. c4 Bg7 3. Nc3 d6 4. e4 e5 5. d5 a5 6. Bd3 Na6 7. h4 h5 8. Be3 Bh6 9.
Qd2 Bxe3 10. Qxe3 Bd7 11. O-O-O Nc5 12. Bc2 Qe7 13. Kb1 Nh6 14. f3 b6 15. Nge2
f5 16. exf5 gxf5 17. Qd2 O-O-O 18. a3 a4 19. Nc1 Kb7 20. Nd3 Nxd3 21. Qxd3 Ra8
22. g3 Rhg8 23. Rhg1 Rg7 24. Qd2 Nf7 25. Ne2 Rag8 26. Qb4 f4 27. gxf4 Rxg1 28.
Nxg1 Qxh4 29. fxe5 Nxe5 30. c5 Qxb4 31. c6+ Ka6 32. axb4 Bc8 33. f4 Nc4 34. Re1
Kb5 35. Nf3 Kxb4 36. Re7 a3 37. Rxc7 axb2 38. Bh7 Kc3 39. Ka2 Bf5 0-1

[Event "21st ch-EUR Indiv w 2021"]
[Site "Iasi ROU"]
[Date "2021.08.16"]
[Round "7.11"]
[White "Narva, Mai"]
[Black "Bulmaga, Irina"]
[Result "1-0"]
[WhiteTitle "WIM"]
[BlackTitle "IM"]
[WhiteElo "2276"]
[BlackElo "2413"]
[WhiteFideId "4500512"]
[BlackFideId "13903063"]
[EventDate "2021.08.09"]

1. e4 c5 2. Nf3 Nc6 3. d4 cxd4 4. Nxd4 e5 5. Nb5 d6 6. a4 a6 7. N5c3 Be6 8. Na3
Rc8 9. Bc4 Nf6 10. Bg5 Be7 11. Bxf6 Bxf6 12. O-O O-O 13. Nd5 Bg5 14. c3 Kh8 15.
Qe2 Qe8 16. Nc2 g6 17. Nce3 f5 18. Nb6 Rd8 19. Ned5 Qf7 20. f3 h5 21. b4 a5 22.
b5 Nb8 23. exf5 Qxf5 24. Rad1 h4 25. Kh1 Kg7 26. Nc7 Bxc4 27. Qxc4 Kh6 28. Qd5
Nd7 29. Nc4 Nf6 30. Nxd6 Qc2 31. Qxe5 h3 32. gxh3 Nh5 33. Ne6 Bf4 34. Nxf4 Nxf4
35. Rg1 Rd7 36. Rd4 Qxc3 37. Qg5+ Kh7 38. Rxf4 Rxf4 39. Qxg6+ 1-0